[Event "Foment Martinenc op-B 15th"]
[Site "Barcelona"]
[Date "2013.05.18"]
[Round "5"]
[White "Garcia, Anderson"]
[Black "Riu Lopez, Sergio"]
[Result "0-1"]
[WhiteElo "1719"]
[BlackElo "1513"]
[PlyCount "92"]
[EventDate "2013.04.20"]
[EventType "swiss"]
[EventRounds "9"]
[EventCountry "ESP"]
[SourceTitle "CBM 154 Extra"]
[Source "ChessBase"]
[SourceDate "2013.06.25"]
[SourceVersion "2"]
[SourceVersionDate "2013.06.25"]
[SourceQuality "1"]

1. e4 e5 2. Nf3 Nc6 3. Bc4 Nf6 4. Ng5 d5 5. exd5 Na5 6. Bb3 Nxb3 7. axb3 Qxd5 8. 0-0 Be7 9. Nc3 Qc6 10. Re1 Qc5 11. Nf3 Ng4 12. d4 exd4 13. Qxd4 Qxd4 14. Nxd4 Nf6 15. Ncb5 Nd5 16. Bg5 f6 17. c4 c6 18. Nxa7 Nb4 19. Nxc8 Rxa1 20. Rxa1 fxg5 21. Ra8 Rf8 22. Nd6+ Kd7 23. Rxf8 Bxf8 24. Nxb7 Nd3 25. Na5 c5 26. Nc2 Nxb2 27. Nb7 Kc7 28. Nxc5 Bxc5 29. b4 Be7 30. c5 Nd3 31. Kf1 Bf6 32. Ke2 Nf4+ 33. Kf3 Bc3 34. b5 Ne6 35. c6 Nd4+ 36. Nxd4 Bxd4 37. Ke4 Bxf2 38. Kd5 h5 39. h3 g4 40. Ke6 gxh3 41. gxh3 g5 42. Kf5 Be3 43. Ke4 Bf4 44. Kd5 g4 45. Kc5 Be3+ 46. Kb4 gxh3 0-1

[Event "Foment Martinenc op-B 15th"]
[Site "Barcelona"]
[Date "2013.05.04"]
[Round "3"]
[White "Garcia, Anderson"]
[Black "Izquierdo Pujol, Jon"]
[Result "1-0"]
[WhiteElo "1719"]
[BlackElo "1700"]
[PlyCount "77"]
[EventDate "2013.04.20"]
[EventType "swiss"]
[EventRounds "9"]
[EventCountry "ESP"]
[SourceTitle "CBM 154 Extra"]
[Source "ChessBase"]
[SourceDate "2013.06.25"]
[SourceVersion "2"]
[SourceVersionDate "2013.06.25"]
[SourceQuality "1"]

1. e4 e5 2. Nf3 Nc6 3. Bc4 Nf6 4. Ng5 d5 5. exd5 Nxd5 6. d3 Be7 7. Qf3 Ncb4 8. Bb5+ c6 9. Qxf7+ Kd7 10. Ne6 Qe8 11. Nc5+ Kd6 12. Qxe8 Rxe8 13. Ne4+ Kd7 14. Bc4 Nxc2+ 15. Kd1 Nxa1 16. Nbc3 b5 17. Nxd5 bxc4 18. Ndc3 cxd3 19. Kd2 Nc2 20. Kxd3 Nd4 21. f4 Ba6+ 22. Ke3 Nf5+ 23. Kf3 exf4 24. Kxf4 Rf8 25. Rd1+ Kc7 26. g4 g5+ 27. Ke5 Bc8 28. gxf5 Rxf5+ 29. Kd4 c5+ 30. Ke3 g4 31. Nd5+ Kd7 32. Nb6+ Kc7 33. Nxa8+ Kb7 34. Rg1 Rf3+ 35. Ke2 Kxa8 36. Ng5 Ba6+ 37. Ke1 h6 38. Nxf3 gxf3 39. Rg8+ 1-0